000
00288nam a2200097Ia 4500
082
_a
J 152.46 WIGA
245
0
_a
Help is here for facing fear!
100
_a
WIGAND, Molly Wellington [South Africa], 2001 1st ed
_9
44247
942
_c
BK
008
210817s9999 xx 000 0 und d
999
_c
147773
_d
147772